Automatizované pracovisko na meranie útlmu pasívnych optických prvkov

Uložené v:
Podrobná bibliografia
Hlavný autor: Hencze, Gabriel (Autor)
Ďalší autori: Korenko, Branislav (Vedúci práce)
Médium: Rukopis Kniha
Jazyk:Slovak
Vydavateľské údaje: Bratislava : STU v Bratislave FEI, 2023
Predmet:
On-line prístup:https://opac.crzp.sk/?fn=detailBiblioFormChildW16FG&sid=C0DEB8E07572332BA3200815805F&seo=CRZP-detail-kniha
Tagy: Pridať tag
Žiadne tagy, Buďte prvý, kto otaguje tento záznam!

MARC

LEADER 00000ntm a22000003a 4500
001 stuzp90977
003 SK-STU
005 20241125130855.4
007 ta
008 150427s2015----xo-----f-mn---000-0-slo-d
040 |a STU  |b slo 
041 0 |a slo 
044 |a xo 
100 1 |a Hencze, Gabriel  |u 034000  |4 aut  |U FEI Fakulta elektrotechniky a informatiky  |T FEI Ústav elektrotechniky  |X 5534  |U E040  |Y 550  |7 5534 
242 0 1 |a Automated setup for optical passive component measurement  |y eng 
245 1 0 |a Automatizované pracovisko na meranie útlmu pasívnych optických prvkov 
260 |a Bratislava :  |b STU v Bratislave FEI,  |c 2023 
300 |a 82 s. 
650 4 |a pasívne optické prvky  |2 slo 
650 4 |a kalibrácia  |2 slo 
650 4 |a meranie vložených strát  |2 slo 
650 4 |a Vláknová Braggovská mriežka  |2 slo 
650 4 |a meranie útlmu  |2 slo 
650 4 |a Optical passives  |2 eng 
650 4 |a Insertion loss measurement  |2 eng 
650 4 |a Attenuation measurement  |2 eng 
650 4 |a Calibration  |2 eng 
650 4 |a Fiber Bragg Grating  |2 eng 
700 1 |a Korenko, Branislav  |u 034000  |k Z8  |4 ths  |U FEI Fakulta elektrotechniky a informatiky  |T FEI Ústav elektrotechniky  |X 12090  |U E040  |Y 550  |7 A000012090 
856 4 |u https://opac.crzp.sk/?fn=detailBiblioFormChildW16FG&sid=C0DEB8E07572332BA3200815805F&seo=CRZP-detail-kniha